Movies Quiz

Random Movies or Disney Quiz

The Sword in the Stone Wizards Duel Quiz Stats

 Plays Quiz Updated Mar 19, 2020

Support Sporcle.
Go Orange.
Score 0/16 Timer 03:00
2 Plays Today
% Correct
Did I say no Purple Dragons?!
91.4%
Mouse
73.7%
Rattlesnake
65.3%
Elephant
61.5%
Malignalitaloptereosis (germ)
60%
Rhinoceros
54.9%
Tiger
52.7%
Rabbit
51.7%
% Correct
Goat
48.4%
Alligator
43.7%
Turtle
40.9%
Fox
39.1%
Crab
37.1%
Hen
37%
Caterpillar
35%
Walrus
28.2%

You're not logged in!

Compare scores with friends on all Sporcle quizzes.
OR
Log In

From the Vault

Quick True/False: World Capitals VI

by LisaSimpsonOH

Well, at least you have a 50/50 chance.
Remove Ads.
Support Sporcle.
Get the best of Sporcle when you Go Orange. This ad-free experience offers more features, more stats, and more fun while also helping to support Sporcle. Thank you for becoming a member.

Show Comments

Extras

Top Quizzes Today


Score Distribution

Your Account Isn't Verified!

In order to create a playlist on Sporcle, you need to verify the email address you used during registration. Go to your Sporcle Settings to finish the process.

Report this User

Report this user for behavior that violates our Community Guidelines.

Details: